书目信息 |
| 题名: |
电视美术设计
|
|
| 作者: | 叶建新 著 ;冯江 著 | |
| 分册: | ||
| 出版信息: | 北京 中国广播电视出版社 2005 |
|
| 页数: | 181页 | |
| 开本: | 26cm | |
| 丛书名: | 21世纪中国影视艺术系列丛书 | |
| 单 册: | ||
| 中图分类: | J913-39 | |
| 科图分类: | ||
| 主题词: | 影视艺术--美术--计算机辅助设计 | |
| 电子资源: | ||
| ISBN: | 7-5043-4482-6 | |
| 000 | 00944oam2 2200265 450 | |
| 001 | 1569313563 | |
| 005 | 20150117191549.14 | |
| 010 | @a7-5043-4482-6@dCNY38.00 | |
| 100 | @a20050104d2005 em y0chiy50 ea | |
| 101 | 0 | @achi |
| 102 | @aCN@b110000 | |
| 105 | @ay z 000yy | |
| 200 | 1 | @a电视美术设计@9dian shi mei shu she ji@e计算机制图@f叶建新,冯江等著 |
| 210 | @a北京@c中国广播电视出版社@d2005 | |
| 215 | @a181页@d26cm | |
| 225 | 0 | @a21世纪中国影视艺术系列丛书 |
| 308 | @a原丛书名题:二十一世纪中国影视艺术系列丛书 | |
| 330 | @a本书运用范例通过完整的电视美术场景设计作品的计算机制图过程,演示出May、3DS MAx、CorelDraw、Photoshop等专业软件的使用技法。 | |
| 461 | 0 | @12001 @a21世纪中国影视艺术系列丛书 |
| 606 | 0 | @a影视艺术@x美术@x计算机辅助设计 |
| 690 | @aJ913-39@v5 | |
| 701 | 0 | @a叶建新@9ye jian xin@f(1958.6~)@4著 |
| 702 | 0 | @a冯江@9feng jiang@c(电视艺术)@4著 |
| 801 | 0 | @aCN@bTSSF@c20150117 |
| 905 | @aZUCC@dJ913-39@eJY34 | |
| 电视美术设计:计算机制图/叶建新,冯江等著.-北京:中国广播电视出版社,2005 |
| 181页;26cm.-(21世纪中国影视艺术系列丛书) |
| ISBN 7-5043-4482-6:CNY38.00 |
| 本书运用范例通过完整的电视美术场景设计作品的计算机制图过程,演示出May、3DS MAx、CorelDraw、Photoshop等专业软件的使用技法。 |
| ● |
| 相关链接 |
|
|
|
|
正题名:电视美术设计
索取号:J913-39/JY34
 
预约/预借
| 序号 | 登录号 | 条形码 | 馆藏地/架位号 | 状态 | 备注 |
| 1 | 7853154 | 278531545 | 学院路分馆/ [索取号:J913-39/JY34] | 在馆 | |
| 2 | 7853155 | 278531554 | 学院路分馆/ [索取号:J913-39/JY34] | 在馆 |